[Event "FRA-ch Blitz"]
[Site "Asnieres sur Seine"]
[Date "2023.06.24"]
[Round "2"]
[White "Pitaval, Lubin"]
[Black "Yuffa, Daniil"]
[Result "0-1"]
[WhiteElo "1900"]
[BlackElo "2604"]
[PlyCount "66"]
[EventDate "2023.06.24"]
[EventType "swiss (blitz)"]
[EventRounds "13"]
[EventCountry "FRA"]
[SourceTitle "CBM 214 Extra"]
[Source "ChessBase"]
[SourceDate "2023.07.31"]
[SourceVersion "1"]
[SourceVersionDate "2023.07.31"]
[SourceQuality "1"]

1. d4 Nf6 2. Nf3 g6 3. g3 Bg7 4. Bg2 0-0 5. 0-0 d6 6. c3 Nbd7 7. Nbd2 e5 8. e4 Re8 9. Re1 b6 10. a4 a6 11. Nc4 Bb7 12. Bg5 h6 13. dxe5 hxg5 14. exf6 Bxf6 15. e5 dxe5 16. Nfd2 Bxg2 17. Kxg2 Nc5 18. b4 Ne6 19. Ne4 Bg7 20. Qe2 f5 21. Rad1 Qc8 22. Ned2 Qb7+ 23. Kg1 g4 24. Qf1 Ng5 25. Qg2 e4 26. Rc1 Rad8 27. Red1 b5 28. Na5 Qb6 29. axb5 Rxd2 30. Rxd2 Nf3+ 31. Kh1 Nxd2 32. bxa6 Qxa6 33. Nb3 Nxb3 0-1

[Event "FRA-ch U12"]
[Site "Hyeres"]
[Date "2019.04.14"]
[Round "1"]
[White "Makkar, Rajat"]
[Black "Pitaval, Lubin"]
[Result "1-0"]
[WhiteElo "2147"]
[BlackElo "1540"]
[PlyCount "51"]
[EventDate "2019.04.14"]
[EventType "swiss"]
[EventRounds "9"]
[EventCountry "FRA"]
[SourceTitle "CBM 190 Extra"]
[Source "ChessBase"]
[SourceDate "2019.07.15"]
[SourceVersion "1"]
[SourceVersionDate "2019.07.15"]
[SourceQuality "1"]

1. d4 f5 2. Nc3 Nf6 3. Bg5 e6 4. e4 fxe4 5. Nxe4 Be7 6. Bxf6 Bxf6 7. Nf3 0-0 8. Bd3 Nc6 9. c3 b6 10. Qc2 g6 11. h4 d5 12. Neg5 e5 13. Bxg6 e4 14. Bxh7+ Kg7 15. 0-0-0 Ne7 16. Ne5 Bxg5+ 17. hxg5 Rh8 18. g6 Be6 19. Qd2 Ng8 20. Bxg8 Qxg8 21. Qg5 Re8 22. Rh7+ Rxh7 23. gxh7+ Kf8 24. hxg8Q+ Bxg8 25. Qf6+ Bf7 26. Qxf7# 1-0